The Ottoman Empire 1450-1700
Αποθηκεύτηκε σε:
| Κύριος συγγραφέας: | |
|---|---|
| Μορφή: | Βιβλίο |
| Γλώσσα: | English |
| Δημοσίευση: |
London :
Hodder and Stoughton,
1991
|
| Σειρά: | Access to history
|
| Θέματα: | |
| Ετικέτες: |
Προσθήκη ετικέτας
Δεν υπάρχουν, Καταχωρήστε ετικέτα πρώτοι!
|
MARC
| LEADER | 00000nam a2200000 i 4500 | ||
|---|---|---|---|
| 001 | 1/66289 | ||
| 008 | 990115s1991 eng d | ||
| 020 | |a 0340569999 | ||
| 035 | |l 10047280 | ||
| 040 | |a GR-MY-UA |b gre |e aacr | ||
| 041 | 0 | |a eng | |
| 082 | 0 | |a 956.1015 | |
| 100 | 1 | |a Stiles, Andrina. | |
| 245 | 1 | 4 | |a The Ottoman Empire 1450-1700 / |c Andrina Stiles |
| 260 | |a London : |b Hodder and Stoughton, |c 1991 | ||
| 300 | |a 169 p.; |b ill, maps; |c 22 cm. | ||
| 490 | 1 | |a Access to history | |
| 500 | |a First published: 1989, in the Access to A-level series | ||
| 651 | 0 | |a Turkey |x History |y Ottoman Empire, 1288-1918. | |
| 830 | 0 | |a Access to history | |
| 852 | |a INST |b LESVOS |e 19990115 |h 956.1015 STI |p 005100021440 |q 005100021440 |t BK |y 0 | ||
| 901 | |a BIBL1-2000-2 | ||
| 909 | |a Λ |b 061020 | ||
| 922 | |a 1ΕΛΗ |b 199811 |c ΚΠΣ/ΤΚΑ |d ΠΑΠΑΣΩΤΗΡΙΟΥ | ||
| 950 | |a 117-1998-07-12 | ||
| 970 | |z 2000/05/ΜΙΧΑΗΛΙΔΟΥ ΑΝΝΑ | ||